| 000 | 00654cam a2200277 4500 | ||
|---|---|---|---|
| 001 | J979 | ||
| 008 | 090401t1992 xxu||||| |||| 00| 0 eng d | ||
| 035 | _a(Sirsi) u55293 | ||
| 041 | _aeng | ||
| 050 | _a333.33709423 | ||
| 110 |
_aDreweatt Neate _9692 |
||
| 245 | _aCommercial comment. - Summer 1992. | ||
| 260 |
_bDreweatt Neate _c1992 |
||
| 300 | _a11p. : ill. ; 30cm. | ||
| 350 | _a0 | ||
| 650 | _aANDOVER | ||
| 650 | _aCHIPPENHAM | ||
| 650 | _aINDUSTRIAL PROPERTY | ||
| 650 | _aNEWBURY | ||
| 650 | _aOFFICES | ||
| 650 | _aSHOPS | ||
| 650 | _aSWINDON | ||
| 690 | _aPROPERTY-COMMERCIAL PROPERTY | ||
| 942 | _n0 | ||
| 948 | _c04/03/1997 | ||
| 999 |
_c93592 _d93592 |
||